Conflict and security in Central Asia and the Caucasus / (Record no. 593198)
[ view plain ]
| 000 -LEADER | |
|---|---|
| fixed length control field | 01578cam a2200361 a 4500 |
| 001 - CONTROL NUMBER | |
| control field | 15654350 |
| 005 - DATE AND TIME OF LATEST TRANSACTION | |
| control field | 20230210094603.0 |
| 008 - FIXED-LENGTH DATA ELEMENTS--GENERAL INFORMATION | |
| fixed length control field | 090310s2009 cauab b 001 0 eng |
| 010 ## - LIBRARY OF CONGRESS CONTROL NUMBER | |
| LC control number | 2009010382 |
| 020 ## - INTERNATIONAL STANDARD BOOK NUMBER | |
| International Standard Book Number | 9781598840544 (hard copy : acidfree paper) |
| 020 ## - INTERNATIONAL STANDARD BOOK NUMBER | |
| International Standard Book Number | 1598840541 (hard copy : acidfree paper) |
| 020 ## - INTERNATIONAL STANDARD BOOK NUMBER | |
| International Standard Book Number | 9781598840551 (e book) |
| 020 ## - INTERNATIONAL STANDARD BOOK NUMBER | |
| International Standard Book Number | 159884055X (e book) |
| 035 ## - SYSTEM CONTROL NUMBER | |
| System control number | (OCoLC)ocn316327183 |
| 040 ## - CATALOGING SOURCE | |
| Original cataloging agency | DLC |
| Transcribing agency | DLC |
| Modifying agency | C#P |
| -- | YDXCP |
| -- | BWX |
| -- | DLC |
| 043 ## - GEOGRAPHIC AREA CODE | |
| Geographic area code | ac----- |
| 050 00 - LIBRARY OF CONGRESS CALL NUMBER | |
| Classification number | DK859.5 |
| Item number | .P44 2009 |
| 082 00 - DEWEY DECIMAL CLASSIFICATION NUMBER | |
| Classification number | 958.043,PEI |
| Edition number | 22 |
| 100 1# - MAIN ENTRY--PERSONAL NAME | |
| Personal name | Peimani, Hooman, |
| Dates associated with a name | 1957- |
| 9 (RLIN) | 108832 |
| 245 10 - TITLE STATEMENT | |
| Title | Conflict and security in Central Asia and the Caucasus / |
| Statement of responsibility, etc. | Hooman Peimani. |
| 260 ## - PUBLICATION, DISTRIBUTION, ETC. | |
| Place of publication, distribution, etc. | Santa Barbara, Calif. : |
| Name of publisher, distributor, etc. | ABC-CLIO, |
| Date of publication, distribution, etc. | c2009. |
| 300 ## - PHYSICAL DESCRIPTION | |
| Extent | xxvi, 373 p. : |
| Other physical details | ill., maps ; |
| Dimensions | 26 cm. |
| 505 ## - FORMATTED CONTENTS NOTE | |
| Formatted contents note | Part 1: Regional Essays (Page-1), Part 2: Country Profiles and Chronologies (Page-105), Part 3: Geopolitics Organizations (Page-295), Part 4: What The Future will hold for Central Asia and The Caucasus (Page-347). |
| 650 #0 - SUBJECT ADDED ENTRY--TOPICAL TERM | |
| Topical term or geographic name entry element | Post-communism |
| Geographic subdivision | Asia, Central. |
| 9 (RLIN) | 108833 |
| 650 #0 - SUBJECT ADDED ENTRY--TOPICAL TERM | |
| Topical term or geographic name entry element | National security |
| Geographic subdivision | Asia, Central. |
| 9 (RLIN) | 108834 |
| 651 #0 - SUBJECT ADDED ENTRY--GEOGRAPHIC NAME | |
| Geographic name | Asia, Central |
| General subdivision | History |
| Chronological subdivision | 1991- |
| 9 (RLIN) | 108835 |
| 651 #0 - SUBJECT ADDED ENTRY--GEOGRAPHIC NAME | |
| Geographic name | Asia, Central |
| General subdivision | Politics and government |
| Chronological subdivision | 1991- |
| 9 (RLIN) | 108817 |
| 651 #0 - SUBJECT ADDED ENTRY--GEOGRAPHIC NAME | |
| Geographic name | Caucasus |
| General subdivision | Politics and government. |
| 9 (RLIN) | 108836 |
| 651 #0 - SUBJECT ADDED ENTRY--GEOGRAPHIC NAME | |
| Geographic name | Caucasus |
| General subdivision | History |
| Chronological subdivision | 1991- |
| 9 (RLIN) | 108837 |
| 906 ## - LOCAL DATA ELEMENT F, LDF (RLIN) | |
| a | 7 |
| b | cbc |
| c | orignew |
| d | 1 |
| e | ecip |
| f | 20 |
| g | y-gencatlg |
| 942 ## - ADDED ENTRY ELEMENTS (KOHA) | |
| Source of classification or shelving scheme | |
| Koha item type | Book |
| Withdrawn status | Lost status | Source of classification or shelving scheme | Damaged status | Not for loan | Permanent Location | Current Location | Shelving location | Date acquired | Total Checkouts | Full call number | Barcode | Date last seen | Price effective from | Koha item type | Public note |
|---|---|---|---|---|---|---|---|---|---|---|---|---|---|---|---|
| Military College of Signals (MCS) | Military College of Signals (MCS) | General Stacks | 02/10/2023 | 958.043,PEI | MCS37657 | 02/10/2023 | 02/10/2023 | Book | Almirah No.62, Shelf No.4 |
